书目信息 |
| 题名: |
工业企业经营管理
|
|
| 作者: | 吴世经 主编 | |
| 分册: | ||
| 出版信息: | 武汉 武汉大学出版社 1989 |
|
| 页数: | 349页 | |
| 开本: | 19cm | |
| 丛书名: | ||
| 单 册: | ||
| 中图分类: | F406.11 | |
| 科图分类: | ||
| 主题词: | 工业企业管理 | |
| 电子资源: | ||
| ISBN: | 7-307-00425-9 | |
| 000 | 00715nam0 2200253 45 | |
| 001 | 0185002041 | |
| 005 | 20070707170014.35 | |
| 010 | @a7-307-00425-9@dCNY7.40 | |
| 091 | @aCN@b4336.005 | |
| 100 | @a19900816d1989 em y0chiy0121 ea | |
| 101 | 0 | @achi |
| 102 | @aCN@b320000 | |
| 102 | @aCN@b420000 | |
| 105 | @ay z 000yy | |
| 200 | 10 | @a工业企业经营管理@Agong ye qi ye jing ying guan li@f吴世经主编@Fwu shi jing zhu bian |
| 210 | @a武汉@c武汉大学出版社@d1989@h1995 | |
| 215 | @a349页@d19cm | |
| 300 | @a全国高等教育自学考试教材 | |
| 606 | @a工业企业管理 | |
| 690 | @aF406.11@v3 | |
| 701 | 0 | @a吴世经@Awu shi jing@4主编 |
| 801 | 2 | @aCN@bNLC@c20070707 |
| 801 | 0 | @aCN@bTSSF |
| 905 | @a10447@dF406.11@e191 | |
| 工业企业经营管理/吴世经主编.-武汉:武汉大学出版社,1989(1995) |
| 349页;19cm |
| 全国高等教育自学考试教材 |
| ISBN 7-307-00425-9:CNY7.40 |
| ● |
| 相关链接 |
|
|
|
|
正题名:工业企业经营管理
索取号:F406.11/191
 
预约/预借
| 序号 | 登录号 | 条形码 | 馆藏地/架位号 | 状态 | 备注 |
| 1 | 0766703 | 207667032 | 第一样本阅览室/ [索取号:F406.11/191] | 在馆 |